Capitals of the World in 5 Minutes - Statistics

General Stats
  • This quiz has been taken 222 times
  • The average score is 119 of 196
Answer Stats
Country Capital City % Correct
United Kingdom London
94%
Spain Madrid
94%
Norway Oslo
94%
France Paris
94%
Germany Berlin
92%
Belgium Brussels
92%
Finland Helsinki
92%
Italy Rome
91%
Greece Athens
89%
Switzerland Bern
89%
Denmark Copenhagen
89%
Netherlands Amsterdam
88%
Portugal Lisbon
88%
Czech Republic Prague
88%
Iceland Reykjavík
88%
Austria Vienna
88%
Croatia Zagreb
88%
Hungary Budapest
86%
Russia Moscow
86%
Bosnia and Herzegovina Sarajevo
86%
Ireland Dublin
84%
Belarus Minsk
84%
Poland Warsaw
84%
China Beijing
83%
Monaco Monaco
83%
Latvia Riga
83%
Sweden Stockholm
83%
Albania Tirana
83%
Ukraine Kyiv
81%
Luxembourg Luxembourg
81%
Canada Ottawa
81%
Bulgaria Sofia
81%
Estonia Tallinn
81%
Japan Tokyo
81%
Andorra Andorra la Vella
80%
Romania Bucharest
80%
Israel Jerusalem
80%
San Marino San Marino
80%
Brazil Brasília
78%
Afghanistan Kabul
78%
Peru Lima
78%
South Korea Seoul
78%
Vatican City Vatican City
78%
Lithuania Vilnius
78%
Iraq Baghdad
77%
Serbia Belgrade
77%
Ecuador Quito
77%
Liechtenstein Vaduz
77%
Azerbaijan Baku
75%
Bangladesh Dhaka
75%
Qatar Doha
75%
India New Delhi
75%
Malta Valletta
75%
Chile Santiago
73%
Jordan Amman
72%
Thailand Bangkok
72%
Colombia Bogotá
72%
Slovakia Bratislava
72%
Cuba Havana
72%
Pakistan Islamabad
72%
Kuwait Kuwait City
72%
Saudi Arabia Riyadh
72%
Georgia Tbilisi
72%
Iran Tehran
72%
Australia Canberra
70%
Venezuela Caracas
70%
Syria Damascus
70%
Indonesia Jakarta
70%
Kosovo Pristina
70%
North Macedonia Skopje
70%
United States Washington D.C.
70%
Armenia Yerevan
70%
United Arab Emirates Abu Dhabi
69%
Lebanon Beirut
69%
Slovenia Ljubljana
69%
Philippines Manila
69%
Argentina Buenos Aires
67%
Guatemala Guatemala City
67%
North Korea Pyongyang
67%
Turkey Ankara
66%
Kazakhstan Astana
66%
Moldova Chișinău
66%
Guyana Georgetown
66%
Vietnam Hanoi
66%
Malaysia Kuala Lumpur
66%
Bolivia La Paz / Sucre
66%
Mexico Mexico City
66%
Uruguay Montevideo
66%
Cyprus Nicosia
66%
Panama Panama City
66%
Paraguay Asunción
64%
East Timor Dili
64%
Oman Muscat
64%
Montenegro Podgorica
64%
Costa Rica San José
64%
Singapore Singapore
64%
New Zealand Wellington
64%
Egypt Cairo
63%
Nepal Kathmandu
63%
Bahrain Manama
63%
Taiwan Taipei
63%
Bhutan Thimphu
63%
Maldives Malé
61%
Cambodia Phnom Penh
61%
Jamaica Kingston
59%
Saint Vincent and the Grenadines Kingstown
59%
Suriname Paramaribo
59%
Yemen Sana'a
59%
Algeria Algiers
58%
Brunei Bandar Seri Begawan
58%
Dominica Roseau
58%
Uzbekistan Tashkent
58%
Kyrgyzstan Bishkek
56%
Tajikistan Dushanbe
56%
Nicaragua Managua
56%
Bahamas Nassau
56%
Mongolia Ulaanbaatar
56%
Antigua and Barbuda Saint John's
55%
Fiji Suva
55%
Laos Vientiane
55%
Belize Belmopan
53%
Angola Luanda
53%
Grenada Saint George's
53%
El Salvador San Salvador
53%
Ethiopia Addis Ababa
52%
Turkmenistan Ashgabat
52%
Dominican Republic Santo Domingo
52%
Ghana Accra
50%
Samoa Apia
50%
Libya Tripoli
50%
Gambia Banjul
48%
Democratic Republic of the Congo Kinshasa
48%
Myanmar Naypyidaw
48%
Haiti Port-au-Prince
48%
Sri Lanka Sri Jayawardenepura Kotte
48%
Nauru Yaren
48%
Central African Republic Bangui
47%
Barbados Bridgetown
47%
Senegal Dakar
47%
Djibouti Djibouti
47%
Honduras Tegucigalpa
47%
Nigeria Abuja
45%
Togo Lomé
45%
Marshall Islands Majuro
45%
South Africa Pretoria / Cape Town / Bloemfontein
45%
Morocco Rabat
45%
Eritrea Asmara
44%
Saint Kitts and Nevis Basseterre
44%
Botswana Gaborone
44%
Lesotho Maseru
44%
Benin Porto-Novo / Cotonou
44%
Saint Lucia Castries
42%
Solomon Islands Honiara
42%
Mozambique Maputo
42%
Kenya Nairobi
42%
Papua New Guinea Port Moresby
42%
Cameroon Yaoundé
42%
Republic of the Congo Brazzaville
41%
Burundi Gitega
41%
Zambia Lusaka
41%
Burkina Faso Ouagadougou
41%
Trinidad and Tobago Port-of-Spain
41%
Sudan Khartoum
39%
Equatorial Guinea Malabo
39%
Eswatini Mbabane
39%
Comoros Moroni
39%
Cape Verde Praia
39%
South Sudan Juba
38%
Rwanda Kigali
38%
Malawi Lilongwe
38%
Chad N'Djamena
38%
Kiribati South Tarawa
38%
Namibia Windhoek
38%
Ivory Coast Yamoussoukro
38%
Madagascar Antananarivo
36%
Tuvalu Funafuti
36%
Palau Ngerulmud
36%
Tonga Nukuʻalofa
36%
Mauritius Port Louis
36%
Vanuatu Port Vila
36%
Tunisia Tunis
36%
Niger Niamey
34%
Federated States of Micronesia Palikir
34%
Guinea-Bissau Bissau
33%
Zimbabwe Harare
33%
Gabon Libreville
33%
Liberia Monrovia
33%
São Tomé and Príncipe São Tomé
33%
Guinea Conakry
31%
Tanzania Dodoma
31%
Seychelles Victoria
31%
Mali Bamako
30%
Sierra Leone Freetown
28%
Somalia Mogadishu
28%
Uganda Kampala
27%
Mauritania Nouakchott
25%
No matching quizzes found
Score Distribution
Percent of People with Each Score
Percentile by Number Answered
Your Score History
You have not taken this quiz